Statistics for Harry Styles Charting Songs (Billboard Hot 100)

Click here to take the quiz!

General Stats

  • This quiz has been taken 276 times
    (269 since last reset)
  • The average score is 8 of 9

Answer Stats

AlbumWeeks OnPeakSong% Correct
Fine Line39 Weeks#1 (1 Week)Watermelon Sugar
100%
Fine Line50 Weeks#6Adore You
98%
Harry Styles13 Weeks#4Sign of the Times
95%
Fine Line20 Weeks#57Golden
93%
Fine Line5 Weeks#17Lights Up
86%
Fine Line1 Week#62Falling
86%
Fine Line1 Week#84Cherry
81%
Harry Styles1 Week#93Sweet Creature
75%
Fine Line1 Week#99She
72%

Score Distribution

Percentile by Number Answered

Percent of People with Each Score

Your Score History

You have not taken this quiz since the last reset